Normal view
MARC view
- العتيبي، محمد بن عبد الله ، سالم بن محمد الرواحي ، سعيد بن حميد الرمحي
Entry Personal Name
001 - CONTROL NUMBER
- control field: 40916
003 - CONTROL NUMBER IDENTIFIER
- control field: JO-AjAnu
005 - DATE AND TIME OF LATEST TRANSACTION
- control field: 20230606080809.0
008 - FIXED-LENGTH DATA ELEMENTS
- fixed length control field: 230606|| aca||aabn | a|a d
040 ## - CATALOGING SOURCE
- Original cataloging agency: JO-AjAnu
- Transcribing agency: JO-AjAnu
100 ## - HEADING--PERSONAL NAME
- Personal name: العتيبي، محمد بن عبد الله ، سالم بن محمد الرواحي ، سعيد بن حميد الرمحي
670 ## - SOURCE DATA FOUND
- Source citation: Work cat.: (JO-AjAnu)20970: العتيبي، محمد بن عبد الله ، سالم بن محمد الرواحي ، سعيد بن حميد الرمحي, author, فقه العبادات